Women : (Record no. 168139)

MARC details
000 -LEADER
fixed length control field 00646nam a22001937a 4500
005 - DATE AND TIME OF LATEST TRANSACTION
control field 20190927111237.0
010 ## - LCCN (DPL NO)
LC control number ENG-126569
020 ## - INTERNATIONAL STANDARD BOOK NUMBER
Terms of availability 550.00
International Standard Book Number 9789388879033
035 ## - SYSTEM CONTROL NUMBER
System control number EN-110101
037 ## - SOURCE OF ACQUISITION
Source of stock number/acquisition DBAD/PUB
082 ## - DEWEY DECIMAL CLASSIFICATION NUMBER
Classification number 305.4
100 ## - MAIN ENTRY--PERSONAL NAME
Personal name Jain , Veenus
245 ## - TITLE STATEMENT
Title Women :
Statement of responsibility, etc By Veenus jain [and] Pushpraj Singh
Remainder of title A Journey Through The Ages /
260 ## - PUBLICATION, DISTRIBUTION, ETC. (IMPRINT)
Place of publication, distribution, etc New Delhi
Name of publisher, distributor, etc New Delhi Publishers
Date of publication, distribution, etc 2019
270 ## - ADDRESS
City New Delhi
Address 90, Sainik Vihar , Mohan Garden
Postal code 110059
Telephone number 011-23256188 ,9971676330
Electronic mail address ndpublishers@gmail.com
300 ## - PHYSICAL DESCRIPTION
Extent vii196p.
Dimensions 25cm,(pbk)
700 ## - ADDED ENTRY--PERSONAL NAME
Personal name Singh , Pushpraj
942 ## - ADDED ENTRY ELEMENTS (KOHA)
Source of classification or shelving scheme Dewey Decimal Classification
Item type English Books
Classification part 305.4
Call number suffix JAI
Holdings
Withdrawn status Lost status Not for loan Collection code Home library Current library Date acquired Source of acquisition Cost, normal purchase price Full call number Barcode Copy number Cost, replacement price Koha item type
      Non-fiction Andrews Gunj Andrews Gunj 27/09/2019 DBAD/PUB 550.00 305.4 JAI EN-110101 1 550.00 English Books

© Delhi Public Library
Hit Counter
free hit counter